[Event "Veliko Gradiste Silver Lake op-B"]
[Site "Veliko Gradiste"]
[Date "2017.06.19"]
[Round "3"]
[White "Matic, Dragan"]
[Black "Karaoglan, Doruk"]
[Result "0-1"]
[WhiteElo "1825"]
[BlackElo "1928"]
[PlyCount "64"]
[EventDate "2017.06.18"]
[EventType "swiss"]
[EventRounds "9"]
[EventCountry "SRB"]
[SourceTitle "CBM 179 Extra"]
[Source "ChessBase"]
[SourceDate "2017.08.23"]
[SourceVersion "1"]
[SourceVersionDate "2017.08.23"]
[SourceQuality "1"]

1. e4 c5 2. Nf3 e6 3. d4 cxd4 4. Nxd4 a6 5. Nc3 Qc7 6. Bd3 Nf6 7. Qe2 d6 8. 0-0 Be7 9. a4 b6 10. Be3 Bb7 11. f4 Nbd7 12. f5 e5 13. Nb3 0-0 14. g4 d5 15. g5 d4 16. gxf6 Bxf6 17. Nd5 Bxd5 18. exd5 dxe3 19. Qxe3 Rfd8 20. Be4 Rac8 21. Nd2 Be7 22. Kh1 Nf6 23. c4 Nxe4 24. Nxe4 Qxc4 25. d6 Bxd6 26. f6 Bc5 27. Nxc5 Qxc5 28. Qg5 g6 29. Rf3 e4 30. Qh6 Qf8 31. Rh3 Qxh6 32. Rxh6 Rd6 0-1